Variation on a lease (Record no. 70906)

MARC details
000 -LEADER
fixed length control field 01114cam a2200229 4500
001 - CONTROL NUMBER
control field ABS65747
008 - FIXED-LENGTH DATA ELEMENTS--GENERAL INFORMATION
fixed length control field 020806n2002 000 0 eng u
035 ## - SYSTEM CONTROL NUMBER
System control number (Sirsi) u119221
100 ## - MAIN ENTRY--PERSONAL NAME
Personal name Brunt, D
245 ## - TITLE STATEMENT
Title Variation on a lease
260 ## - PUBLICATION, DISTRIBUTION, ETC.
Date of publication, distribution, etc. 2002
490 ## - SERIES STATEMENT
Series statement Estates Gazette
Volume/sequential designation 228 13 July 2002, 123 (1)
520 ## - SUMMARY, ETC.
Summary, etc. Examines in the first of two articles the case for variation of forfeiture clauses in commercial leases. Looks at the types of lease which should be varied. Discusses when a landlord can forfeit the lease and the consequences of forfeiture; forfeiture proceedings by the landlord; the likelihood of forfeiture taking place without the mortgagee's knowledge. Key points are: a lender risks losing its security if it is unaware of forfeiture proceedings; tenant's mortgagee should be consider a variation of the forfeiture clause to protect its position.
590 ## - LOCAL NOTE (RLIN)
Local note ABS
650 ## - SUBJECT ADDED ENTRY--TOPICAL TERM
Topical term or geographic name entry element COMMERCIAL LEASES
650 ## - SUBJECT ADDED ENTRY--TOPICAL TERM
Topical term or geographic name entry element FORFEITURE CLAUSES
650 ## - SUBJECT ADDED ENTRY--TOPICAL TERM
Topical term or geographic name entry element VARIATION
650 ## - SUBJECT ADDED ENTRY--TOPICAL TERM
Topical term or geographic name entry element MORTGAGEES
650 ## - SUBJECT ADDED ENTRY--TOPICAL TERM
Topical term or geographic name entry element FORFEITURE PROCEEDINGS
690 ## - LOCAL SUBJECT ADDED ENTRY--TOPICAL TERM (OCLC, RLIN)
Topical term or geographic name as entry element LANDLORD AND TENANT-LEASES
942 ## - ADDED ENTRY ELEMENTS (KOHA)
Suppress in OPAC 0
Holdings
Withdrawn status Lost status Source of classification or shelving scheme Damaged status Not for loan Home library Current library Shelving location Date acquired Total Checkouts Full call number Barcode Date last seen Copy number Price effective from Koha item type
    Dewey Decimal Classification     London London Journal article 06/08/2002   ABS65747 119221-1001 06/08/2019 1 06/08/2019 Journal article